002790000a220007300045001000019000002450101000193000056001207730029001761 aDudney, Sheila10aWhaen christian wasn't cool : A Costa Rican teenager bucks peer pressure with surprising results aVol. 73, Num 2 (Abril-Junio, 1993), Páginas 20-210 tLatin America Evangelist